Loading...
| History - World | 0 | 9 | 0 | 0 | 90 | 30 | 52.67 | 2 | 5 | 0.00 | 0.00 |
| History - Other | 0 | 6 | 0 | 1 | 60 | 26 | 57.83 | 1 | 4 | 0.00 | 0.00 |
| History - European | 0 | 6 | 0 | 2 | 60 | 15 | 56.33 | 2 | 4 | 0.00 | 0.00 |
| Religion | 0 | 5 | 0 | 1 | 50 | 42 | 75.00 | 1 | 1 | 0.00 | 0.00 |
| Mythology | 0 | 4 | 2 | 0 | 30 | 24 | 44.00 | 2 | 4 | 0.00 | 0.00 |
| Literature - British | 0 | 2 | 0 | 2 | 20 | 110 | 111.00 | 0 | 0 | 0.00 | 0.00 |
| Fine Arts - Other | 0 | 2 | 0 | 0 | 20 | 49 | 72.50 | 0 | 1 | 0.00 | 0.00 |
| History - American | 0 | 2 | 1 | 1 | 15 | 76 | 86.50 | 0 | 0 | 0.00 | 0.00 |
| Literature - European | 0 | 2 | 1 | 0 | 15 | 60 | 79.00 | 1 | 1 | 0.00 | 0.00 |
| Current Events | 0 | 1 | 0 | 0 | 10 | 45 | 45.00 | 0 | 0 | 0.00 | 0.00 |
| Geography | 0 | 2 | 2 | 1 | 10 | 40 | 79.50 | 1 | 2 | 0.00 | 0.00 |
| Literature - World | 0 | 1 | 0 | 0 | 10 | 107 | 107.00 | 0 | 0 | 0.00 | 0.00 |
| Pop Culture | 0 | 1 | 0 | 0 | 10 | 48 | 48.00 | 1 | 1 | 0.00 | 0.00 |
| Social Science | 0 | 1 | 0 | 0 | 10 | 38 | 38.00 | 1 | 1 | 0.00 | 0.00 |
| Literature - American | 0 | 0 | 1 | 0 | -5 | 0.00 | 0 | 0 | 0.00 | 0.00 |